000 00653nam a2200217 i 4500
001 90690
003 ES-MaACL
005 20250724074554.0
007 t|
008 050124s1969 sp ||||1| spa d
100 1 _aLentin, André.
_971548
245 1 0 _aAlgebra moderna /
_cA. Lentin y J. Rivaud ; versión de Emilio Motilva Ilarri.
250 _a[2ª ed.].
260 _a[Madrid] :
_bAguilar,
_c[1969] (
_fGrafiplás)
300 _aXIX, 485 p. ;
_c22 cm.
650 7 _aÁlgebra
_2embne
_99720
700 0 _aMotilva Ylarri, Emilio.
_983828
700 0 _aRivaud, Jacques.
_997599
852 _aES-MaACL
_jC-38529
_bR.71780
999 _c90690
_d90690